| 000 | 01842cam a2200433 i 4500 | ||
|---|---|---|---|
| 001 | EDZ0000050763 | ||
| 003 | StDuBDS | ||
| 005 | 20161031105122.0 | ||
| 006 | m||||||||d|||||||| | ||
| 007 | cr ||||||||||| | ||
| 008 | 111202s2012 caua fo| 001|0|eng|d | ||
| 020 |
_a9781452218564 (ebook) : _cNo price |
||
| 040 |
_aStDuBDS _beng _cStDuBDS _erda _epn |
||
| 049 | _aAlfaisal Main Library | ||
| 050 | 0 |
_aQC981.8.G56 _bE47 2012 |
|
| 082 | 0 | 4 |
_a363.7387403 _223 |
| 245 | 0 | 0 |
_aEncyclopedia of global warming & climate change / _cgeneral editor, S. George Philander. |
| 246 | 3 | _aEncyclopedia of global warming and climate change | |
| 250 | _aSecond edition. | ||
| 264 | 1 |
_aThousand Oaks, California : _bSAGE Publications, _c2012. |
|
| 300 |
_a1 online resource (xliii, 1641 pages) : _billustrations (black and white) |
||
| 336 |
_atext _2rdacontent |
||
| 336 |
_astill image _2rdacontent |
||
| 337 |
_acomputer _2rdamedia |
||
| 338 |
_aonline resource _2rdacarrier |
||
| 500 | _aPrevious edition: issued in print, 2008. | ||
| 504 | _aIncludes bibliographical references and index. | ||
| 520 | 8 | _aThis new edition updates more than half of the original entries of the previous edition and adds new perspectives and content to keep students and researchers up-to-date in a field that has proven provocatively lively. | |
| 521 | _aSpecialized. | ||
| 588 | _aDescription based on online resource; title from home page (viewed on December 15, 2014). | ||
| 650 | 0 |
_aGlobal warming _vEncyclopedias. |
|
| 650 | 0 |
_aClimatic changes _vEncyclopedias. |
|
| 655 | 7 |
_aElectronic books. _2local |
|
| 700 | 1 |
_aPhilander, S. George, _eeditor. |
|
| 710 | 2 | _aSage eBooks | |
| 776 | 0 | 8 |
_iPrint version : _z9781412992619 |
| 856 | 4 | 0 | _uhttp://ezproxy.alfaisal.edu/login?url=http://sk.sagepub.com/reference/globalwarming2ed |
| 942 |
_2lcc _cEBOOKS |
||
| 999 |
_c479687 _d479687 |
||